02874nam a22001577a 4500003000900000005001700009008004100026040001300067100005000080245015300130250000600283260002000289300001800309490005900327520233000386IT-RoPau20220918175936.0121204b xxu||||| |||| 00| 0 eng d cIT-RoPau aAlberione GiacomoqFondatore Famiglia Paolina aPer chi sente sete di anime come Gesù.bOffertorio Paolino composto dal Servo di Dio Don Giacomo Alberione Fondatore Famiglia Paolina ( 1884-1971) aI aRomabSSPc1985 a110 p.c21 cm aEdizioni Archivio Storico Generale Famiglia PaolinavI aIndice Presentazione INTRODUZIONE A. Testimonianze B. Temi biblico-spirituali 1. La sete 2. La riparazione 3. Il sacrificio e l' offerta IL TESTO Primo periodo Secondo periodo Terzo periodo Offertorio pastorale Offertorio vocazionale COMMMENTO DI DON GIACOMO ALBERIONE Nota storica L' Apostolato della preghiera "Sitio" I vostri sogni Quel libro scritto sul Calvario Le sette" Parole" di Gesù in Croce "Da mihi animas" Anche a voi costerà la vita Qual' è la nostra sete? Ecco l' ufficio del riparatore Dissetare Gesù Tutto gli era presente Il diavolo distrugge - l' apostolo costruisce La Messa è il Crocifisso I voti: offerta di sè Venerdì Santo Con le intenzioni di Gesù Ora di adorazione ripatrice Non di parole, ma di fatti "Io mi offro" Il pane della verità In Lui si uniscono cielo e terra I peccati causati dalla stampa "Mi dono, offro e consacro" Vivere la professione religiosa Totalmente consacrati Costruire il regno Il globo sull' altare Vittime, cioè consacrate Amare per chi non ama Sacerdoti e sacrificio Quell' offerta ripetuta ogni mattina Offertorio Omaggio al Padre Poggiare la giornata sull' Ostia Preghiera vocazionale Il sacrificio più gradito Tante cattedre contro il Padre Celeste Sempre maggior sete Offrire la sofferenza Riparare più difficile che fare Riconquistare Cuore Paolino Quaresima :Tempo di riparazione Il Discepolo riparatore "Colore riparativo" "Patire, ma non morire" Tre maniere di riparare Al Calvario con il Maria La Pia Discepola ripatrice Sacrificare tutto L' anima della Messa Il senso della Messa Non risparmiare nulla Non trasformare nulla Trasformare la vita in olocausto Il nostro altare Spendersi APPENDICI 1 Dall' Enciclica "Miseserntissimus Redemptor" (Pio XI, 9 maggio 1928) 1. Il dovere della riparazione 2. Efficacia della riparazione 3. I motivi della riparazione II Dalla " Sacrarum indulgentiarum recognito" (Paolo VI,1 gennaio 1967) III Allocuzione " Adimpleo", al Sacro Collegio in vista dell' anno santo 1983 ( Giovanni Paolo II, 23 Dicembre 1982) IV 1. Da "Sacrosantum Concilium" (SC) (Concilio Ecumenico Vaticano II) 2. Da "Lumen Gentium" (LG) (Concilio Ecumenico Vaticano II) 3. Da "Presbyterorum ordinis" (PO) (Concilio Ecumenico Vaticano II)